Score 0/18 Timer 02:00
0 Plays Today
Name M or S % Correct
KT Tunstall???
85.5%
Annabella Lwin???
84.3%
Annapurna???
84.2%
Sylvia Juncosa???
82.5%
Monte Rosa???
81.2%
Sierra Blanca???
78.9%
Tanita Tikaram???
77.4%
Herb Alpert???
75.6%
Nanga Parbat???
73.3%
Name M or S % Correct
Spruce Knob???
72.8%
Tish Hinojosa???
69.4%
Karakoram II???
68.3%
Marisa Monte???
68.1%
Cesar Rosas???
63.3%
Ritacuba Blanco???
58.2%
Sierra Kay???
56%
Saser Kangri???
37.6%
Wayna Potosi???
26.5%
Remove Ads.
Support Sporcle.
Get the best of Sporcle when you Go Orange. This ad-free experience offers more features, more stats, and more fun while also helping to support Sporcle. Thank you for becoming a member.

You're not logged in!

Compare scores with friends on all Sporcle quizzes.
OR
Log In

Show Comments

Extras

Top Quizzes Today


Score Distribution

Your Account Isn't Verified!

In order to create a playlist on Sporcle, you need to verify the email address you used during registration. Go to your Sporcle Settings to finish the process.

Report this User

Report this user for behavior that violates our Community Guidelines.

Details: